Tropical architecture : (Record no. 38243)
[ view plain ]
| 000 -LEADER | |
|---|---|
| fixed length control field | 01552cam a2200253 a 4500 |
| 001 - CONTROL NUMBER | |
| control field | vtls003024331 |
| 003 - CONTROL NUMBER IDENTIFIER | |
| control field | MY-SjTCS |
| 005 - DATE AND TIME OF LATEST TRANSACTION | |
| control field | 20200306163007.0 |
| 008 - FIXED-LENGTH DATA ELEMENTS--GENERAL INFORMATION | |
| fixed length control field | 110218s2005 gw a b 000 0 eng |
| 020 ## - INTERNATIONAL STANDARD BOOK NUMBER | |
| International Standard Book Number | 3791331353 (alk. paper) |
| 039 #9 - LEVEL OF BIBLIOGRAPHIC CONTROL AND CODING DETAIL [OBSOLETE] | |
| Level of rules in bibliographic description | 201102181618 |
| Level of effort used to assign nonsubject heading access points | VLOAD |
| Level of effort used to assign subject headings | 200509210949 |
| Level of effort used to assign classification | kusuma |
| Level of effort used to assign subject headings | 200509151423 |
| Level of effort used to assign classification | fadilah |
| Level of effort used to assign subject headings | 200509151155 |
| Level of effort used to assign classification | fadilah |
| -- | 200509151145 |
| -- | fadilah |
| 082 04 - DEWEY DECIMAL CLASSIFICATION NUMBER | |
| Classification number | 720.470913 |
| Item number | LAU |
| 100 1# - MAIN ENTRY--PERSONAL NAME | |
| Personal name | Lauber, Wolfgang, |
| Titles and words associated with a name | Prof. |
| 9 (RLIN) | 225332 |
| 245 10 - TITLE STATEMENT | |
| Title | Tropical architecture : |
| Remainder of title | sustainable and humane building in Africa, Latin America, and South-East Asia / |
| Statement of responsibility, etc. | Wolfgang Lauber ; with contributions by Peter Cheret, Klaus Ferstl, and Eckhart Ribbeck. |
| 260 ## - PUBLICATION, DISTRIBUTION, ETC. | |
| Place of publication, distribution, etc. | Munich ; |
| -- | New York : |
| Name of publisher, distributor, etc. | Prestel, |
| Date of publication, distribution, etc. | c2005. |
| 300 ## - PHYSICAL DESCRIPTION | |
| Extent | 203 p. : |
| Other physical details | ill. (some col.) ; |
| Dimensions | 31 cm. |
| 504 ## - BIBLIOGRAPHY, ETC. NOTE | |
| Bibliography, etc. note | Includes bibliographical references (p. 201). |
| 505 0# - FORMATTED CONTENTS NOTE | |
| Formatted contents note | An introduction to the world of the tropics.- Defining the climatic zones.- A critical view of present-day building in the tropics.- An analysis of traditional architecture in the tropics.- Fundamentals of climatically appropriate building and relevant design principles.- New approaches to a climatically appropriate and humane architecture in the tropics.- Urban planning in Latin America,Africa and Asia.- Urban planning and housing in East Asia and China.- Towards a new architecture for the Tropics.- Bibliography. |
| 650 #0 - SUBJECT ADDED ENTRY--TOPICAL TERM | |
| Topical term or geographic name entry element | Architecture, Tropical. |
| 9 (RLIN) | 225333 |
| 700 1# - ADDED ENTRY--PERSONAL NAME | |
| Personal name | Cheret, Peter. |
| 9 (RLIN) | 225334 |
| 700 1# - ADDED ENTRY--PERSONAL NAME | |
| Personal name | Ferstl, Klaus. |
| 9 (RLIN) | 225335 |
| 700 1# - ADDED ENTRY--PERSONAL NAME | |
| Personal name | Ribbeck, Eckhart. |
| 9 (RLIN) | 225336 |
| 920 ## - Programme | |
| Programme | BLT (DIP) : 524385 |
| Withdrawn status | Lost status | Source of classification or shelving scheme | Damaged status | Not for loan | Home library | Current library | Date acquired | Total Checkouts | Barcode | Date last seen | Date last checked out | Copy number | Uniform Resource Identifier | Koha item type | Public note |
|---|---|---|---|---|---|---|---|---|---|---|---|---|---|---|---|
| Dewey Decimal Classification | Taylor's Library-TU | Taylor's Library-TU | 15/09/2005 | 65 | 5000037237 | 07/06/2024 | 27/05/2024 | 1 | Floor 4, Shelf 30 , Side 1, TierNo 3, BayNo 7 | Main Collection | SABDx,23003,02,GR |